Stabilizácia poľnohospodárskych sústav a vytváranie rezerv krmív. Lekcia 5

Bibliographic Details
Other Authors: Souček, Jan, Haspra, R.
Format: Book
Language:Slovak
PhysicalDescription:23 s. 32 cm
Published: Nitra Inštitút výchovy a vzdelávania MPVž SSR 1985
Series:Škola pokrokových skúseností
Subjects:

MARC

LEADER 00000cam a2200000 a 4500
001 vtls001280768
003 SK-MaSNL
005 20260302065712.0
008 251113s1986 xo 00000 slo
020 |c b.c. 
035 |a SNK000232161 
040 |a SNK  |b slo  |c SNK  |e AACR2 
041 0 |a slo 
044 |a xo  |c SK 
080 |a 636.085/.087  |2 1981 
080 |a 338.244.018:331.874  |2 1981 
080 |a 338.244.018:331.225  |2 1981 
245 0 0 |a Stabilizácia poľnohospodárskych sústav a vytváranie rezerv krmív. Lekcia 5  |c Ján Souček. Sústava uplatňovania chozraščotu - brigádnych foriem organizácie práce a odmeňovania. Lekcia 6 / R. Haspra 
260 |a Nitra  |b Inštitút výchovy a vzdelávania MPVž SSR  |c 1985 
300 |a 23 s.  |c 32 cm 
490 1 |a Škola pokrokových skúseností  |v 15. roč., 1985/86 
650 0 7 |a krmivá  |2 SNKPH  |9 2812 
650 0 7 |a práca  |2 SNKPH  |9 2337 
650 0 7 |a odmeňovanie práce  |2 SNKPH  |9 729319 
650 0 7 |a chozraščot  |2 SNKPH  |9 81150 
655 7 |a učebné texty  |2 SNKPH  |9 70568 
700 1 2 |a Souček, Jan  |t Stabilizácia poľnohospodárskych sústav a vytváranie rezerv krmív  |9 729320 
700 1 2 |a Haspra, R.  |t Sústava uplatňovania chozraščotu - brigádnych foriem organizácie práce a odmeňovania  |9 729321 
830 0 |a Škola pokrokových skúseností  |9 659742 
852 |a Slovenská národná knižnica 
958 |a OND 
999 |c 1143421  |d 1145351 
952 |t P60, <03>, [BOOK], {603}  |a SNK  |b SNK  |y PREZ  |7 0  |p 17A0055243  |o snkOSB 11378  |i snkD 444/97  |0 0  |1 0  |4 0  |d 1997-03-20  |l 0  |r 2005-01-02 00:00:00  |w 2026-02-24